Jihad threat to Indiat : (Record no. 105842)
[ view plain ]
| 000 -LEADER | |
|---|---|
| fixed length control field | 00584nam a22001937a 4500 |
| 005 - DATE AND TIME OF LATEST TRANSACTION | |
| control field | 20170113165655.0 |
| 010 ## - LCCN (DPL NO) | |
| LC control number | ENG-117066 |
| 020 ## - INTERNATIONAL STANDARD BOOK NUMBER | |
| International Standard Book Number | 9788193122044 |
| Terms of availability | 695.00 |
| 035 ## - SYSTEM CONTROL NUMBER | |
| System control number | EN-100598 |
| 037 ## - SOURCE OF ACQUISITION | |
| Source of stock number/acquisition | DBAD/PUB |
| 082 ## - DEWEY DECIMAL CLASSIFICATION NUMBER | |
| Classification number | 363.3250954 |
| 100 ## - MAIN ENTRY--PERSONAL NAME | |
| Personal name | Tufail Ahmad |
| 245 ## - TITLE STATEMENT | |
| Title | Jihad threat to Indiat : |
| Statement of responsibility, etc | by Tufail Ahmad |
| Remainder of title | the case for Islamic reformation by an Indian Muslim / |
| 260 ## - PUBLICATION, DISTRIBUTION, ETC. (IMPRINT) | |
| Place of publication, distribution, etc | Jaipur |
| Name of publisher, distributor, etc | Infolimner |
| Date of publication, distribution, etc | 2016 |
| 270 ## - ADDRESS | |
| Address | D-44,Jyoti Marg,Bapu Nagar |
| City | Jaipur |
| Postal code | 302015 |
| 300 ## - PHYSICAL DESCRIPTION | |
| Extent | 346p. |
| Dimensions | 24cm(Hb) |
| 650 ## - SUBJECT ADDED ENTRY--TOPICAL TERM | |
| Topical term or geographic name as entry element | |
| 942 ## - ADDED ENTRY ELEMENTS (KOHA) | |
| Source of classification or shelving scheme | Dewey Decimal Classification |
| Item type | English Books |
| Call number suffix | TUF |
| Classification part | 36.3250954 |
| Withdrawn status | Lost status | Not for loan | Collection code | Home library | Current library | Date acquired | Source of acquisition | Cost, normal purchase price | Full call number | Barcode | Copy number | Cost, replacement price | Koha item type |
|---|---|---|---|---|---|---|---|---|---|---|---|---|---|
| Non-fiction | Ashok Vihar | Ashok Vihar | 13/01/2017 | DBAD/PUB | 695.00 | 363.3250954 | EN-100598 | 1 | 695.00 | English Books |
